000 00420nam a2200169Ia 4500
008 230524s9999 xx 000 0 und d
082 _a241.644
_bEVA
100 _aJames R.Evans
245 4 _aThe Management and Control of Quality
250 _a6TH
260 _aCHENNAI
_bThomson
_c2006
300 _aXV;760
500 _aQuantity Number: 1
650 _aManagement
700 _a William M.Lindsay
942 _cBK
999 _c49332
_d49332